Statistiken für Berühmte deutsche Sportler

Klicken Sie hier um das Quiz zu spielen!

Allgemein

  • Dieses Quiz wurde 321 mal gespielt
  • Das Durchschnittsergebnis liegt bei 11 aus 15

Antwortstatistiken

HinweisAntwort% Korrekt
7facher F1 WeltmeisterMichael Schumacher
98%
4facher F1 WeltmeisterSebastian Vettel
95%
Der KaiserFranz Beckenbauer
92%
Rekordtorschütze der DFB-ElfMiroslav Klose
92%
Kapitän bei der Wm 2014Phillip Lahm
91%
Erster Europäer den NBA Most Valuable Player AwardDirk Nowitzki
89%
ist der jüngste Wimbledon-Sieger in der Geschichte des TurniersBoris Becker
87%
Erfolgreichster Deutscher Fußballer nach TrophäenThomas Müller
87%
Erfolgreichster deutscher TischtennisspielerTimo Boll
72%
Ehemaliger deutscher TurnerFabian Hambüchen
71%
Kapitän des WM-Teams von 1954 und Namensgeber für die Medaille für den besten NachwuchsspielerFritz Walter
69%
Bisher einzige Person den Golden Slam gewannSteffi Graf
61%
Die Person gewann 34 Einzelrennen im Biathlon-Weltcup, dreimal den Gesamtweltcup und sieben DisziplinenweltcupsMagdalena Neuner
54%
deutscher Schwergewichtsboxer und zwischen 1930 und 1932 Schwergewichts-BoxweltmeisterMax Schmeling
40%
Die erfolgreichste deutsche Olympionikin und die zweiterfolgreichste Olympionikin überhauptBirgit Fischer
25%

Verteilung der Resultate

Perzentil nach korrekt beantworteten Fragen

Anzahl Personen mit jedem Resultat

Ihre Resultats-Entwicklung

Sie haben dieses Quiz noch nicht gespielt